000 00470nam a2200205Ia 4500
003 0100
008 130303s9999 xx 000 0 und d
020 _a0710211686
040 _cARRUPELIB
050 _aB105.A35D66 1987
100 _aDonagan, Alan
245 _aChoice
245 _bthe essential element in human action
260 _aLondon
260 _bRoutledge and Kegan Paul
260 _C1987
300 _ax
300 _b 197p. 20cm.
942 0 0 _01
999 _c22176
_d22176